000 00262nam a2200097Ia 4500
001 1249924
005 20251031150846.0
008 251031s9999 xx 000 0 und d
245 0 _cCHARLES DICKENS
_aG-2 OLIVER TWİST
260 _bDOĞAN EGMONT ÇOCUK KLASİKLERİ
999 _c1249924
_d1249924